| 000 | 00590nam a22001575i 4500 | ||
|---|---|---|---|
| 001 | 160789 | ||
| 003 | ES-MaACL | ||
| 005 | 20230906212127.0 | ||
| 008 | 041005s1866 sp |||| | spa d | ||
| 040 |
_aCAM _bspa _cCAM |
||
| 245 | 0 | 0 | _aNovelas antiguas, de peregrinos ingenios espaƱoles. |
| 260 |
_aMadrid : _b[s.n.], _c1866. |
||
| 300 |
_a116 p. ; _c14 cm. |
||
| 505 | 8 | _aContiene: Los dos soles de Toledo: p.3-28. El celoso hasta morir: p.29-46. La peregrina ermitaƱa: p.47-85. La serrana de Cintia: p.87-116. | |
| 852 |
_aES-MaACL _jFol-Laf-461 _z-- Rust. _z-- Legado M. de La Fuente |
||
| 999 |
_c160789 _d160789 |
||